000 01370aab a2200241 i 4500
001 768714001
003 CO-MdFUSB
005 20240703103124.0
008 240703t1991 sz ||||| |||| 00| 0 eng d
040 _bspa
_cCO-MdFUSB
041 _aeng
100 1 _aDo Nascimento, Heidi Hadsell
_eautor
245 _aTriumphalism of capitalism
_c/ Heidi Hadsell Do Nascimento
520 _aNotas sobre el triunfalismo y las tareas de los protestantes occidentales. Mucha gente en Occidente afrontó el colapso político y económico de Europa del Este con sentimientos de alegría mezclados con triunfo. El colapso de Europa del Este se experimentó como algo profundamente vinculado a Occidente. Aparte de todo lo demás, tuvo el efecto de aparentemente reivindicar la ideología y el sistema económico de Occidente, de modo que, además de los muchos otros motivos de celebración, Occidente también celebró su propia victoria. Occidente, a sus propios ojos, había "ganado".
546 _aTexto en inglés.
650 0 _aIglesia y problemas mundiales
_9912
650 7 _aAntropología cultural y social
_96714
650 7 _aDerechos humanos
_9296
650 0 _aJusticia social
_91851
773 0 _tReformed World
_049396
_959548
_gVolumen 41 (número 5, 1991) páginas: 175 - 179
_qpágina: 175
942 _cANA
945 _aCatherine Arias Álvarez - Practicante SENA
999 _c55292
_d55292